Advances in molecular toxicology. Vol. 6 /

Advances in Molecular Toxicology features the latest advances in all of the subspecialties of the broad area of molecular toxicology. Toxicology is the study of poisons, and this series details the study of the molecular basis by which a vast array of agents encountered in the human environment and...

Full description

Bibliographic Details
Corporate Author: ScienceDirect (Online service)
Other Authors: Fishbein, James C.
Format: eBook
Language:English
Published: Amsterdam : Elsevier, 2012.
Subjects:
Online Access:Connect to the full text of this electronic book

MARC

Tag First Indicator Second Indicator Subfields
LEADER 00000cam a2200000 a 4500
001 in00005750414
005 20260326192728.3
006 m o d
007 cr cnu---unuuu
008 120906s2012 ne a ob 001 0 eng d
040 |a OPELS  |b eng  |e pn  |c OPELS  |d IDEBK  |d CUX  |d OCLCQ  |d CUX  |d CDX  |d OCLCO  |d CHVBK  |d OCLCF  |d OCLCQ  |d U3W  |d D6H  |d LEAUB  |d OCLCO  |d OCLCA  |d S2H  |d OCLCO  |d OCL  |d OCLCQ  |d OCLCO  |d OCLCL  |d OCLCQ  |d SXB  |d OCLCQ  |d OCLCO  |d OCLCL 
019 |a 808670864  |a 828490215 
020 |a 9780444593894  |q (e-ISBN) 
020 |a 0444593896  |q (e-ISBN) 
020 |a 9781283549820  |q (MyiLibrary) 
020 |a 1283549824  |q (MyiLibrary) 
035 |a (OCoLC)809241795  |z (OCoLC)808670864  |z (OCoLC)828490215 
037 |a 386227  |b MIL 
050 4 |a RA1220.3  |b .A38 2012 
060 4 |a QV 600 
072 7 |a MJ  |2 bicssc 
072 7 |a HEA  |2 eflch 
082 0 4 |a 615.9  |2 23 
049 |a TXAM 
245 0 0 |a Advances in molecular toxicology.  |n Vol. 6 /  |c edited by James C. Fishbein. 
260 |a Amsterdam :  |b Elsevier,  |c 2012. 
300 |a 1 online resource (xii, 307 pages) :  |b illustrations 
336 |a text  |b txt  |2 rdacontent 
337 |a computer  |b c  |2 rdamedia 
338 |a online resource  |b cr  |2 rdacarrier 
588 0 |a Online resource (viewed October 11, 2012). 
504 |a Includes bibliographical references and index. 
520 |a Advances in Molecular Toxicology features the latest advances in all of the subspecialties of the broad area of molecular toxicology. Toxicology is the study of poisons, and this series details the study of the molecular basis by which a vast array of agents encountered in the human environment and produced by the human body itself manifest themselves as toxins. Not strictly limited to documenting these examples, the series is also concerned with the complex web of chemical and biological events that give rise to toxin-induced symptoms and disease. The new technologies that are being harnessed to analyze and understand these events will also be reviewed by leading workers in the field. Advances in Molecular Toxicology will report progress in all aspects of these rapidly evolving molecular aspects of toxicology with a view toward detailed elucidation of both progress on the molecular level and on advances in technological approaches employed. Cutting-edge reviews by leading workers in the discipline In-depth dissection of molecular aspects of interest to a broad range of scientists, physicians and any student in the allied disciplines Leading edge applications of technological innovations in chemistry, biochemistry and molecular medicine. 
650 0 |a Molecular toxicology. 
650 0 |a Toxicology. 
650 1 2 |a Molecular Biology 
650 1 2 |a Toxicology 
650 6 |a Toxicologie moléculaire. 
650 6 |a Toxicologie. 
650 7 |a toxicology.  |2 aat 
650 7 |a Toxicology  |2 fast 
650 7 |a Molecular toxicology  |2 fast 
655 7 |a Electronic books.  |2 local 
700 1 |a Fishbein, James C.  |1 https://id.oclc.org/worldcat/entity/E39PCjwghM7PMrXDqyb8pBB8bq 
710 2 |a ScienceDirect (Online service) 
758 |i has work:  |a Advances in molecular toxicology Vol. 6 (Text)  |1 https://id.oclc.org/worldcat/entity/E39PCGFmYvKWTPD8yTVThYcXVC  |4 https://id.oclc.org/worldcat/ontology/hasWork 
776 0 8 |i Print version:  |z 9781283549820 
856 4 0 |u http://proxy.library.tamu.edu/login?url=https://www.sciencedirect.com/science/bookseries/18720854/6  |z Connect to the full text of this electronic book  |t 0 
955 |a Elsevier ScienceDirect 2026-2027 
994 |a 92  |b TXA 
999 f f |i 2c1ddd0f-82eb-443b-9412-90ef6ab67b4c  |s 04628398-10d1-40ef-8fba-2798863a9924  |t 0 
952 f f |a Texas A&M University  |b College Station  |c Electronic Resources  |s www_evans  |d Available Online  |t 0  |e RA1220.3 .A38 2012  |h Library of Congress classification 
998 f f |a RA1220.3 .A38 2012  |t 0  |l Available Online